000 00191 a2200097 4500
001 2834
100 _aLomdor
245 _aPoetry and prose
260 _a
_bClarendon
_c
090 _c2129
_d2129
942 _aNUST-CAE
_cM
_c12547
999 _c237907
_d237907